Lecture notes on general surgery / (Record no. 115067)

MARC details
000 -LEADER
fixed length control field 00713nam a2200241 i 4500
008 - FIXED-LENGTH DATA ELEMENTS--GENERAL INFORMATION
fixed length control field
020 ## - INTERNATIONAL STANDARD BOOK NUMBER
International Standard Book Number 0632033355 (pbk.)
040 ## - CATALOGING SOURCE
Original cataloging agency MAIN
Transcribing agency NUST
-- (32850)
-- (33314)
-- (34964)
090 ## - LOCALLY ASSIGNED LC-TYPE CALL NUMBER (OCLC); LOCAL CALL NUMBER (RLIN)
Classification number (OCLC) (R) ; Classification number, CALL (RLIN) (NR) RD31
Local cutter number (OCLC) ; Book number/undivided call number, CALL (RLIN) ELL
003 - CONTROL NUMBER IDENTIFIER
control field
005 - DATE AND TIME OF LATEST TRANSACTION
control field 20230120204002.0
049 ## - LOCAL HOLDINGS (OCLC)
Holding library MAIN
100 ## - MAIN ENTRY--PERSONAL NAME
Personal name Ellis, Harold.
245 10 - TITLE STATEMENT
Title Lecture notes on general surgery /
Statement of responsibility, etc. Harold Ellis & Roy Yorke Calne.
250 ## - EDITION STATEMENT
Edition statement 8th ed.
260 ## - PUBLICATION, DISTRIBUTION, ETC.
Place of publication, distribution, etc. Oxford :
Name of publisher, distributor, etc. Blackwell Scientific Publications,
Date of publication, distribution, etc. 1977.
300 ## - PHYSICAL DESCRIPTION
Extent ix, 395 p. :
Other physical details ill. ;
Dimensions 24 cm.
500 ## - GENERAL NOTE
General note Includes index.
650 #0 - SUBJECT ADDED ENTRY--TOPICAL TERM
Topical term or geographic name entry element Surgery.
700 ## - ADDED ENTRY--PERSONAL NAME
Personal name Calne, Roy Yorke.
907 ## - LOCAL DATA ELEMENT G, LDG (RLIN)
a .b10255849
b 15-05-13
c 14-05-08
942 ## - ADDED ENTRY ELEMENTS (KOHA)
Koha item type Ordinary Loan Books
Call number prefix RD31
Call number suffix ELL
Holdings
Date last seen Total Checkouts Full call number Barcode Cost, replacement price Price effective from Koha item type Lost status Source of classification or shelving scheme Damaged status Not for loan Collection Withdrawn status Home library Current library Shelving location Date acquired Cost, normal purchase price
01/20/2023 7 RD31 ELL 92004009584 80.00 01/20/2023 BOOKS   LCC     NFIC   Medical Medical GEN 01/20/2023 80.00